[Event "2016 Redpath Mining Millionaire Chess Open"]
[Site "Venue: Old Ed’s Sports Complex, Houghton, Johannesburg"]
[Date "2016.07.14"]
[Round "2"]
[Board "6"]
[White "Hercules, Benjamin Vincent"]
[Black "Thabethe, Nhlanhla"]
[Result "1-0"]
[WhiteElo "2127"]
[BlackElo "1802"]
[PlyCount "0"]
[EventDate "2016.07.13"]
[EventRounds "9"]
[EventCountry "RSA"]

1. c4 {[%clk 1:20:25]} Nf6 {[%clk 1:27:45]} 2. Nc3 {[%clk 1:20:49]} g6
{[%clk 1:24:07]} 3. g3 {[%clk 1:20:36]} Bg7 {[%clk 1:24:20]} 4. Bg2
{[%clk 1:21:01]} O-O {[%clk 1:23:24]} 5. Nf3 {[%clk 1:18:44]} d5 {[%clk 1:19:16]}
6. cxd5 {[%clk 1:19:04]} Nxd5 {[%clk 1:19:32]} 7. O-O {[%clk 1:19:27]} c6
{[%clk 1:17:44]} 8. e4 {[%clk 1:16:51]} Nxc3 {[%clk 1:13:44]} 9. bxc3
{[%clk 1:16:57]} Qd3 {[%clk 1:10:35]} 10. Re1 {[%clk 1:13:44]} Rd8
{[%clk 1:07:08]} 11. Bf1 {[%clk 1:11:11]} Qd6 {[%clk 1:04:06]} 12. d4
{[%clk 1:10:50]} Bg4 {[%clk 0:59:11]} 13. h3 {[%clk 1:05:36]} Bxf3
{[%clk 0:57:24]} 14. Qxf3 {[%clk 1:06:04]} e5 {[%clk 0:57:33]} 15. Bc4
{[%clk 1:01:26]} exd4 {[%clk 0:51:12]} 16. Qxf7+ {[%clk 1:00:01]} Kh8
{[%clk 0:51:30]} 17. Bf4 {[%clk 0:55:22]} Qd7 {[%clk 0:51:18]} 18. e5
{[%clk 0:54:30]} c5 {[%clk 0:43:54]} 19. cxd4 {[%clk 0:54:22]} Qxf7
{[%clk 0:41:03]} 20. Bxf7 {[%clk 0:54:44]} Rxd4 {[%clk 0:41:12]} 21. Rab1
{[%clk 0:53:18]} Nc6 {[%clk 0:32:39]} 22. Rxb7 {[%clk 0:52:47]} Bf8
{[%clk 0:32:37]} 23. Rc7 {[%clk 0:50:56]} Ne7 {[%clk 0:28:58]} 24. Rxc5
{[%clk 0:48:30]} Rad8 {[%clk 0:25:12]} 25. Rc7 {[%clk 0:48:25]} Rd1
{[%clk 0:23:26]} 26. Rxd1 {[%clk 0:48:35]} Rxd1+ {[%clk 0:23:49]} 27. Kg2
{[%clk 0:49:02]} Re1 {[%clk 0:23:53]} 28. Bg5 {[%clk 0:48:36]} Ng8
{[%clk 0:22:35]} 29. Bf6+ 1-0

[Event "2016 Redpath Mining Millionaire Chess Open"]
[Site "Venue: Old Ed’s Sports Complex, Houghton, Johannesburg"]
[Date "2016.07.14"]
[Round "2"]
[Board "7"]
[White "Xulu, Lindokuhle"]
[Black "Mwale, Joseph"]
[Result "1/2-1/2"]
[WhiteElo "1775"]
[BlackElo "2076"]
[PlyCount "0"]
[EventDate "2016.07.13"]
[EventRounds "9"]
[EventCountry "RSA"]

1. Nf3 {[%clk 1:29:10]} Nf6 {[%clk 1:30:55]} 2. g3 {[%clk 1:29:33]} e6
{[%clk 1:31:23]} 3. Bg2 {[%clk 1:29:53]} d5 {[%clk 1:31:50]} 4. O-O
{[%clk 1:30:05]} Be7 {[%clk 1:32:19]} 5. d3 {[%clk 1:29:14]} b6 {[%clk 1:32:36]}
6. c4 {[%clk 1:27:02]} Bb7 {[%clk 1:32:58]} 7. cxd5 {[%clk 1:27:18]} Nxd5
{[%clk 1:32:35]} 8. Nc3 {[%clk 1:27:34]} Nxc3 {[%clk 1:32:44]} 9. bxc3
{[%clk 1:27:58]} O-O {[%clk 1:33:11]} 10. a4 {[%clk 1:27:45]} c5 {[%clk 1:33:03]}
11. Qb3 {[%clk 1:26:07]} Nc6 {[%clk 1:32:30]} 12. a5 {[%clk 1:25:03]} Nxa5
{[%clk 1:32:41]} 13. Rxa5 bxa5 {[%clk 1:32:55]} 14. Qxb7 {[%clk 1:21:32]} Bf6
{[%clk 1:33:05]} 15. d4 {[%clk 1:20:39]} cxd4 {[%clk 1:30:32]} 16. Nxd4
{[%clk 1:20:30]} Rc8 {[%clk 1:28:03]} 17. Ba3 {[%clk 1:13:29]} Rc7
{[%clk 1:25:15]} 18. Qb5 {[%clk 1:12:37]} Rxc3 {[%clk 1:12:08]} 19. Nc6
{[%clk 1:11:26]} Qb6 {[%clk 1:11:25]} 20. Qxb6 {[%clk 1:11:09]} axb6
{[%clk 1:11:51]} 21. Bxf8 {[%clk 1:11:35]} Kxf8 {[%clk 1:12:17]} 22. Rb1
{[%clk 1:11:18]} a4 {[%clk 1:12:30]} 23. Rxb6 {[%clk 1:11:18]} g6
{[%clk 1:12:42]} 24. Ra6 {[%clk 1:07:32]} Rc1+ {[%clk 1:11:41]} 25. Bf1
{[%clk 1:07:55]} a3 {[%clk 1:11:56]} 26. Nb4 {[%clk 1:04:55]} Be7
{[%clk 1:09:30]} 27. Nd3 {[%clk 1:03:36]} Rc2 {[%clk 1:06:14]} 28. e4
{[%clk 0:56:56]} a2 {[%clk 1:03:40]} 29. Kg2 {[%clk 0:55:44]} Ke8
{[%clk 0:59:18]} 30. Kf3 {[%clk 0:53:04]} Bg5 {[%clk 0:57:21]} 31. Nb4
{[%clk 0:39:51]} Rc3+ {[%clk 0:55:37]} 32. Kg4 {[%clk 0:39:19]} Be7
{[%clk 0:55:38]} 33. Nxa2 {[%clk 0:34:16]} Rc2 {[%clk 0:55:11]} 34. Kf3
{[%clk 0:33:51]} Kf8 {[%clk 0:54:46]} 35. Bd3 {[%clk 0:32:36]} Rd2
{[%clk 0:55:05]} 36. Ke3 {[%clk 0:32:18]} Rb2 {[%clk 0:55:20]} 37. Ra5
{[%clk 0:26:48]} Bd8 {[%clk 0:55:36]} 38. Ra8 {[%clk 0:26:36]} Ke7
{[%clk 0:56:00]} 39. e5 {[%clk 0:21:34]} Bb6+ {[%clk 0:55:58]} 40. Ke4
{[%clk 0:21:57]} Bxf2 {[%clk 0:55:05]} 41. Nc3 {[%clk 0:21:50]} Rb4+
{[%clk 0:54:43]} 42. Kf3 {[%clk 0:21:03]} Bd4 {[%clk 0:55:08]} 43. Na2
{[%clk 0:19:41]} Rb3 {[%clk 0:45:06]} 44. Ke4 {[%clk 0:20:06]} Bg1
{[%clk 0:45:15]} 45. h3 {[%clk 0:20:10]} Bh2 {[%clk 0:45:25]} 46. Nc1
{[%clk 0:18:55]} Rb4+ {[%clk 0:45:31]} 47. Kf3 {[%clk 0:19:11]} Bg1
{[%clk 0:45:39]} 48. Ne2 {[%clk 0:19:16]} Bc5 {[%clk 0:45:54]} 49. Rc8
{[%clk 0:19:05]} Bb6 {[%clk 0:45:07]} 50. g4 {[%clk 0:18:59]} Rb3
{[%clk 0:44:58]} 51. Rc3 Rxc3 {[%clk 0:43:14]} 52. Nxc3 {[%clk 0:19:20]} Bd4
{[%clk 0:43:43]} 53. Ne2 {[%clk 0:19:19]} Bxe5 {[%clk 0:44:09]} 54. Bb5
{[%clk 0:18:45]} Kf6 {[%clk 0:40:21]} 55. Ng3 {[%clk 0:18:06]} Bxg3
{[%clk 0:38:23]} 56. Kxg3 {[%clk 0:18:24]} h5 {[%clk 0:38:51]} 57. Kf4
{[%clk 0:18:30]} hxg4 {[%clk 0:39:06]} 58. Kxg4 {[%clk 0:18:33]} Kg7
{[%clk 0:38:57]} 1/2-1/2

[Event "2016 Redpath Mining Millionaire Chess Open"]
[Site "Venue: Old Ed’s Sports Complex, Houghton, Johannesburg"]
[Date "2016.07.14"]
[Round "2"]
[Board "8"]
[White "De Abreu, Roberto N"]
[Black "Molebatsi, Teboho"]
[Result "1-0"]
[WhiteElo "2057"]
[BlackElo "1734"]
[PlyCount "0"]
[EventDate "2016.07.13"]
[EventRounds "9"]
[EventCountry "RSA"]

1. d4 Nf6 2. c4 e6 3. g3 Bb4+ 4. Bd2 Qe7 5. Nf3 O-O 6. Bg2 d5 7. O-O
{[%clk 1:32:06]} dxc4 {[%clk 1:28:25]} 8. Qc2 {[%clk 1:22:12]} Nbd7
{[%clk 1:27:13]} 9. Qxc4 {[%clk 1:21:05]} Bxd2 {[%clk 1:27:01]} 10. Nbxd2
{[%clk 1:21:30]} c6 {[%clk 1:26:40]} 11. Qc3 {[%clk 1:01:05]} Re8
{[%clk 1:24:36]} 12. Nc4 {[%clk 1:00:09]} Nd5 {[%clk 1:19:46]} 13. Qb3
{[%clk 0:56:46]} f6 {[%clk 1:15:41]} 14. e4 {[%clk 0:54:04]} N5b6
{[%clk 1:15:28]} 15. Nfd2 {[%clk 0:54:04]} Kh8 {[%clk 1:11:54]} 16. e5
{[%clk 0:47:43]} fxe5 {[%clk 1:09:33]} 17. dxe5 {[%clk 0:47:45]} Rf8
{[%clk 1:09:23]} 18. Rae1 {[%clk 0:39:01]} Qc5 {[%clk 1:00:33]} 19. Re4
{[%clk 0:37:05]} Nd5 {[%clk 0:59:07]} 20. Qc2 {[%clk 0:31:24]} Ne7
{[%clk 0:52:26]} 21. Nb3 {[%clk 0:28:24]} Qb4 {[%clk 0:49:58]} 22. a3
{[%clk 0:28:16]} Qa4 {[%clk 0:45:37]} 23. Qd3 {[%clk 0:27:14]} Qb5
{[%clk 0:44:36]} 24. a4 {[%clk 0:23:19]} Qd5 {[%clk 0:40:52]} 25. Rd4
{[%clk 0:20:31]} Nxe5 {[%clk 0:40:18]} 26. Rxd5 {[%clk 0:20:59]} Nxd3
{[%clk 0:40:24]} 27. Rxd3 {[%clk 0:21:27]} Nd5 {[%clk 0:40:19]} 28. Ne3
{[%clk 0:20:42]} Bd7 {[%clk 0:40:33]} 29. Nc5 {[%clk 0:21:02]} Bc8
{[%clk 0:40:42]} 30. Re1 {[%clk 0:21:06]} b6 {[%clk 0:41:02]} 31. Nxd5
{[%clk 0:20:05]} exd5 {[%clk 0:41:06]} 32. Ne6 {[%clk 0:20:33]} Re8
{[%clk 0:39:54]} 33. Rde3 {[%clk 0:20:54]} Bd7 {[%clk 0:39:27]} 34. Nc7
{[%clk 0:20:01]} Rxe3 {[%clk 0:39:42]} 35. Rxe3 {[%clk 0:20:30]} Rc8
{[%clk 0:39:59]} 36. Re7 {[%clk 0:20:51]} Bf5 {[%clk 0:39:22]} 37. Ne8
{[%clk 0:20:07]} Rd8 {[%clk 0:36:58]} 38. Nxg7 {[%clk 0:19:24]} Bc2
{[%clk 0:35:55]} 39. Ne6 {[%clk 0:19:42]} Ra8 {[%clk 0:35:19]} 40. Bh3
{[%clk 0:20:02]} c5 {[%clk 0:34:33]} 41. Bg2 {[%clk 0:19:45]} Bb3
{[%clk 0:33:53]} 42. Ng5 {[%clk 0:20:03]} h6 43. Nh7 Bc2 44. Nf6 1-0

[Event "2016 Redpath Mining Millionaire Chess Open"]
[Site "Venue: Old Ed’s Sports Complex, Houghton, Johannesburg"]
[Date "2016.07.14"]
[Round "2"]
[Board "9"]
[White "Marais, Daniel"]
[Black "Agostinho, Diogo"]
[Result "1-0"]
[WhiteElo "1771"]
[BlackElo "2055"]
[PlyCount "0"]
[EventDate "2016.07.13"]
[EventRounds "9"]
[EventCountry "RSA"]

1. e4 {[%clk 1:30:36]} Nf6 {[%clk 1:30:15]} 2. Nc3 {[%clk 1:30:51]} d5
{[%clk 1:30:39]} 3. e5 {[%clk 1:31:16]} Nfd7 {[%clk 1:31:05]} 4. d4
{[%clk 1:31:27]} e6 {[%clk 1:31:31]} 5. f4 {[%clk 1:31:30]} c5 {[%clk 1:31:54]}
6. Nf3 {[%clk 1:31:43]} Nc6 {[%clk 1:31:49]} 7. Be3 {[%clk 1:31:59]} cxd4
{[%clk 1:29:02]} 8. Nxd4 {[%clk 1:32:18]} Bb4 {[%clk 1:29:19]} 9. Qg4
{[%clk 1:17:01]} Qa5 {[%clk 1:22:51]} 10. Kd2 {[%clk 1:12:28]} O-O
{[%clk 1:19:20]} 11. a3 {[%clk 1:10:40]} Bxc3+ {[%clk 1:14:13]} 12. bxc3
{[%clk 1:11:02]} Nc5 {[%clk 1:14:20]} 13. Bd3 {[%clk 1:05:06]} Na4
{[%clk 1:12:39]} 14. Nb3 {[%clk 1:05:08]} Qc7 {[%clk 1:07:48]} 15. f5
{[%clk 0:49:13]} Nxc3 {[%clk 1:03:47]} 16. f6 {[%clk 0:48:43]} g6
{[%clk 1:01:55]} 17. Bf4 {[%clk 0:45:40]} Ne4+ {[%clk 0:59:14]} 18. Bxe4
{[%clk 0:45:33]} dxe4 {[%clk 0:59:42]} 19. Qg5 {[%clk 0:45:32]} Kh8
{[%clk 0:55:24]} 20. Rhe1 {[%clk 0:44:25]} b5 {[%clk 0:52:19]} 21. Re3
{[%clk 0:43:39]} Ba6 {[%clk 0:49:20]} 22. Qh6 {[%clk 0:42:36]} 1-0

[Event "2016 Redpath Mining Millionaire Chess Open"]
[Site "Venue: Old Ed’s Sports Complex, Houghton, Johannesburg"]
[Date "2016.07.14"]
[Round "2"]
[Board "10"]
[White "Jacobs, Cavan"]
[Black "Avelino, Fernandes"]
[Result "0-1"]
[WhiteElo "1697"]
[BlackElo "2013"]
[PlyCount "0"]
[EventDate "2016.07.13"]
[EventRounds "9"]
[EventCountry "RSA"]

1. e4 {[%clk 1:30:57]} d6 {[%clk 1:30:38]} 2. d4 {[%clk 1:31:18]} Nf6
{[%clk 1:30:08]} 3. Nc3 {[%clk 1:31:41]} Nbd7 {[%clk 1:29:37]} 4. Nf3
{[%clk 1:31:07]} e6 {[%clk 1:28:58]} 5. Be2 {[%clk 1:30:45]} Be7 {[%clk 1:28:47]}
6. h3 {[%clk 1:30:30]} a6 {[%clk 1:27:37]} 7. a4 {[%clk 1:29:57]} c5
{[%clk 1:27:41]} 8. O-O {[%clk 1:27:56]} Qc7 {[%clk 1:21:45]} 9. d5
{[%clk 1:25:39]} e5 {[%clk 1:20:10]} 10. Nd2 {[%clk 1:24:08]} O-O
{[%clk 1:20:04]} 11. a5 {[%clk 1:22:41]} Re8 {[%clk 1:19:53]} 12. Nc4
{[%clk 1:22:40]} b5 {[%clk 1:17:18]} 13. axb6 {[%clk 1:21:13]} Nxb6
{[%clk 1:17:04]} 14. Ne3 {[%clk 1:17:51]} g6 {[%clk 1:14:56]} 15. g4
{[%clk 1:06:30]} Kh8 {[%clk 1:14:04]} 16. Bd3 {[%clk 1:01:49]} h5
{[%clk 1:12:52]} 17. g5 {[%clk 0:56:31]} Nh7 {[%clk 1:12:27]} 18. h4
{[%clk 0:56:35]} f6 {[%clk 1:12:44]} 19. Qf3 {[%clk 0:48:30]} fxg5
{[%clk 1:11:47]} 20. Qf7 {[%clk 0:48:19]} Rg8 {[%clk 1:10:58]} 21. Ng2
{[%clk 0:43:28]} Bg4 {[%clk 1:08:41]} 22. Rxa6 {[%clk 0:22:36]} Raf8
{[%clk 1:08:04]} 23. Nb5 {[%clk 0:23:00]} Qd8 {[%clk 1:07:52]} 24. Qxe7
{[%clk 0:20:11]} Qxe7 {[%clk 1:07:10]} 25. Rxb6 {[%clk 0:20:38]} gxh4
{[%clk 1:06:55]} 26. f3 {[%clk 0:20:12]} Bxf3 {[%clk 1:06:31]} 27. Bh6
{[%clk 0:20:28]} h3 {[%clk 1:06:37]} 28. Bxf8 {[%clk 0:18:10]} Rxf8
{[%clk 1:06:35]} 29. Rxf3 {[%clk 0:18:03]} Rxf3 {[%clk 1:06:47]} 30. Rb8+
{[%clk 0:17:37]} Nf8 {[%clk 1:07:03]} 31. Ne1 {[%clk 0:17:14]} Qg5+
{[%clk 1:06:45]} 32. Kh1 {[%clk 0:17:35]} Rf2 {[%clk 1:06:38]} 33. Nxd6
{[%clk 0:17:29]} Qg3 {[%clk 1:05:00]} 0-1

[Event "2016 Redpath Mining Millionaire Chess Open"]
[Site "Venue: Old Ed’s Sports Complex, Houghton, Johannesburg"]
[Date "2016.07.14"]
[Round "2"]
[Board "11"]
[White "Salimu, Reuben"]
[Black "Smith, Elani"]
[Result "1-0"]
[WhiteElo "1949"]
[BlackElo "1168"]
[PlyCount "0"]
[EventDate "2016.07.13"]
[EventRounds "9"]
[EventCountry "RSA"]

1. d4 {[%clk 1:30:56]} Nf6 {[%clk 1:30:50]} 2. c4 {[%clk 1:31:20]} e6
{[%clk 1:31:09]} 3. Nc3 {[%clk 1:31:40]} d5 {[%clk 1:30:43]} 4. cxd5
{[%clk 1:32:01]} exd5 {[%clk 1:30:53]} 5. Bg5 {[%clk 1:32:24]} Be7
{[%clk 1:30:50]} 6. e3 {[%clk 1:32:44]} O-O {[%clk 1:29:51]} 7. Bd3
{[%clk 1:33:05]} c6 {[%clk 1:29:07]} 8. Nge2 {[%clk 1:33:23]} Nbd7
{[%clk 1:27:50]} 9. Qc2 {[%clk 1:32:42]} h6 {[%clk 1:26:35]} 10. Bh4
{[%clk 1:32:43]} b6 {[%clk 1:18:55]} 11. f3 {[%clk 1:29:48]} c5 {[%clk 1:14:59]}
12. O-O {[%clk 1:29:28]} Bb7 {[%clk 1:13:44]} 13. Rae1 {[%clk 1:29:36]} Re8
{[%clk 1:08:58]} 14. Bf2 {[%clk 1:23:50]} Bd6 {[%clk 1:06:29]} 15. Ng3
{[%clk 1:23:19]} cxd4 {[%clk 1:04:22]} 16. exd4 {[%clk 1:23:28]} Qc7
{[%clk 1:02:44]} 17. Qb3 {[%clk 1:18:46]} a6 {[%clk 0:54:58]} 18. Rc1
{[%clk 1:19:07]} Qd8 {[%clk 0:51:18]} 19. Nf5 {[%clk 1:17:27]} Bf4
{[%clk 0:49:38]} 20. Rce1 {[%clk 1:17:28]} Qc7 {[%clk 0:41:37]} 21. g3
{[%clk 1:17:34]} Bd2 {[%clk 0:39:58]} 22. Rd1 {[%clk 1:17:30]} Bxc3
{[%clk 0:39:00]} 23. Rc1 {[%clk 1:17:42]} Rac8 {[%clk 0:33:41]} 24. Rxc3
{[%clk 1:18:02]} Qb8 {[%clk 0:33:23]} 25. Rfc1 {[%clk 1:17:39]} Rxc3
{[%clk 0:33:18]} 26. Qxc3 {[%clk 1:17:33]} h5 {[%clk 0:30:17]} 27. Qc7
{[%clk 1:17:16]} Re6 {[%clk 0:24:57]} 28. Qxb8+ {[%clk 1:12:30]} Nxb8
{[%clk 0:25:22]} 29. Rc7 {[%clk 1:12:36]} Ba8 {[%clk 0:25:07]} 30. Ra7
{[%clk 1:06:52]} Bc6 {[%clk 0:23:27]} 31. Ne7+ {[%clk 1:06:40]} Kf8
{[%clk 0:23:40]} 32. Nxc6 {[%clk 1:07:00]} Nxc6 {[%clk 0:23:27]} 33. Rxa6
{[%clk 1:06:57]} Nb4 {[%clk 0:23:19]} 34. Ra8+ {[%clk 1:07:13]} Re8
{[%clk 0:23:00]} 35. Rxe8+ {[%clk 1:07:20]} Nxe8 {[%clk 0:22:43]} 36. Bb1
{[%clk 1:07:35]} Nd6 {[%clk 0:22:48]} 37. a3 {[%clk 1:02:51]} Nc6
{[%clk 0:23:01]} 38. Bd3 {[%clk 1:03:01]} b5 {[%clk 0:19:28]} 39. b3
{[%clk 1:02:29]} g6 {[%clk 0:17:26]} 40. Kf1 {[%clk 1:00:44]} Na5
{[%clk 0:15:48]} 41. Bc2 {[%clk 1:00:49]} Nc6 {[%clk 0:15:55]} 42. Ke2
{[%clk 1:00:58]} Nf5 {[%clk 0:15:23]} 43. Kd3 {[%clk 1:01:13]} Ke7
{[%clk 0:15:10]} 44. Kc3 {[%clk 1:01:30]} Ke6 {[%clk 0:14:26]} 45. Bd3
{[%clk 0:58:20]} Nd6 {[%clk 0:13:49]} 46. Bf1 {[%clk 0:57:55]} Kf5
{[%clk 0:11:51]} 47. Bh3+ {[%clk 0:56:10]} Kf6 {[%clk 0:11:17]} 48. Bf1
{[%clk 0:56:27]} Kf5 {[%clk 0:11:30]} 49. h3 {[%clk 0:56:29]} g5 {[%clk 0:10:38]}
50. Bd3+ {[%clk 0:56:41]} Kf6 {[%clk 0:10:12]} 51. g4 {[%clk 0:56:58]} hxg4
{[%clk 0:09:59]} 52. hxg4 {[%clk 0:57:26]} Ke6 {[%clk 0:09:27]} 53. Bg3
{[%clk 0:57:45]} b4+ {[%clk 0:06:35]} 54. axb4 {[%clk 0:58:03]} Na7
{[%clk 0:06:20]} 55. Bxd6 {[%clk 0:54:54]} Kxd6 {[%clk 0:06:42]} 56. b5
{[%clk 0:55:16]} Kc7 {[%clk 0:06:37]} 57. Kb4 {[%clk 0:53:57]} Kb6
{[%clk 0:06:54]} 58. Ka4 {[%clk 0:54:16]} Nc8 {[%clk 0:06:44]} 59. Bf5
{[%clk 0:54:30]} Nd6 {[%clk 0:06:39]} 60. Bd7 {[%clk 0:54:56]} Nb7
{[%clk 0:04:06]} 61. Bc6 {[%clk 0:54:48]} Nd6 {[%clk 0:04:15]} 62. Kb4
{[%clk 0:54:19]} f6 {[%clk 0:03:52]} 63. Ka4 {[%clk 0:54:03]} f5 {[%clk 0:03:49]}
64. Kb4 {[%clk 0:54:11]} fxg4 {[%clk 0:03:31]} 65. fxg4 {[%clk 0:54:36]} Ne4
{[%clk 0:02:30]} 66. Bxd5 {[%clk 0:54:49]} Nf2 {[%clk 0:02:24]} 67. Be6
{[%clk 0:53:30]} Nd3+ {[%clk 0:02:52]} 68. Kc4 {[%clk 0:53:26]} Nb2+
{[%clk 0:03:06]} 69. Kc3 {[%clk 0:52:33]} Nd1+ {[%clk 0:03:26]} 70. Kd2
{[%clk 0:49:48]} Nf2 {[%clk 0:03:38]} 71. Ke3 {[%clk 0:50:10]} Nh3
{[%clk 0:02:42]} 72. Bc4 {[%clk 0:49:04]} Kc7 {[%clk 0:02:28]} 73. Ke4
{[%clk 0:48:16]} Nf4 {[%clk 0:01:31]} 74. Kf5 {[%clk 0:48:12]} Nh3
{[%clk 0:01:35]} 75. Bd5 {[%clk 0:46:05]} Nf4 {[%clk 0:01:41]} 76. Bc4
{[%clk 0:45:55]} Nh3 {[%clk 0:01:48]} 77. Be2 {[%clk 0:44:47]} Kd6
{[%clk 0:01:59]} 78. Bf3 {[%clk 0:45:05]} Ng1 {[%c

[Event "2016 Redpath Mining Millionaire Chess Open"]
[Site "Venue: Old Ed’s Sports Complex, Houghton, Johannesburg"]
[Date "2016.07.14"]
[Round "2"]
[Board "12"]
[White "Arjunan, Zander"]
[Black "Mbedza, Richard"]
[Result "0-1"]
[WhiteElo "715"]
[BlackElo "1947"]
[PlyCount "0"]
[EventDate "2016.07.13"]
[EventRounds "9"]
[EventCountry "RSA"]

1. e4 d5 2. exd5 Qxd5 3. Nc3 Qd8 4. Nf3 Bf5 5. Bc4 e6 6. d4 c6 7. Be3 Nf6 8. Qd2
Bb4 9. O-O Ne4 10. Qe1 Nxc3 11. bxc3 Ba5 12. Bd3 Bg6 13. Bxg6 hxg6 14. Bd2 Bc7
15. Ne5 Nd7 16. Bf4 Nf6 17. Rb1 Rb8 18. Qe3 Nd5 19. Qg3 Nxf4 20. Qxf4 f6 21. Qg4
fxe5 22. Qxe6+ Kf8 23. dxe5 Qe8 24. Qxe8+ Kxe8 25. f4 Bb6+ 26. Kh1 Rd8 27. c4 Rd7
28. e6 Re7 29. g4 Rxe6 30. c5 Re2 31. cxb6 Rhxh2+ 32. Kg1 Reg2# 0-1

[Event "2016 Redpath Mining Millionaire Chess Open"]
[Site "Venue: Old Ed’s Sports Complex, Houghton, Johannesburg"]
[Date "2016.07.14"]
[Round "2"]
[Board "14"]
[White "Wilken, Justin Barend"]
[Black "Oosthuizen, Michal Jacobus"]
[Result "1-0"]
[WhiteElo "1854"]
[BlackElo "1357"]
[PlyCount "0"]
[EventDate "2016.07.13"]
[EventRounds "9"]
[EventCountry "RSA"]

1. e4 c6 2. Nf3 d5 3. Nc3 dxe4 4. Nxe4 Nf6 5. Nxf6+ exf6 6. d4 Bf5 7. Be2 Bd6 8.
O-O O-O 9. c4 c5 10. d5 Nd7 11. Nh4 Bg6 12. Nxg6 fxg6 13. f4 f5 14. Bf3 Qc7 15.
g3 Nf6 16. Bd2 a6 17. Qc2 b5 18. b3 b4 19. Rfe1 Rfe8 20. Re6 Re7 21. Rxe7 Qxe7
22. a3 Ne4 23. Bxe4 Qxe4 24. Qxe4 fxe4 25. axb4 cxb4 26. Be3 Be7 27. c5 Bf6 28.
Ra5 Bd8 29. Ra4 a5 30. Kf2 Rc8 31. Bd4 Bf6 32. Ke3 Bxd4+ 33. Kxd4 e3 34. Rxa5 e2
35. Ra1 Kf7 36. Re1 Ke7 37. Rxe2+ Kd7 38. c6+ Kd8 39. Kc5 Rc7 40. Ra2 Rc8 41. d6
g5 42. fxg5 h6 43. g6 h5 44. Ra7 h4 45. Rxg7 1-0

[Event "2016 Redpath Mining Millionaire Chess Open"]
[Site "Venue: Old Ed’s Sports Complex, Houghton, Johannesburg"]
[Date "2016.07.14"]
[Round "2"]
[Board "15"]
[White "Shaw, Laurie Ann"]
[Black "Jurgens, John C."]
[Result "0-1"]
[WhiteElo "1443"]
[BlackElo "1714"]
[PlyCount "0"]
[EventDate "2016.07.13"]
[EventRounds "9"]
[EventCountry "RSA"]

1. d4 {[%clk 1:30:56]} Nf6 {[%clk 1:30:50]} 2. c4 {[%clk 1:31:12]} e6
{[%clk 1:31:10]} 3. Nf3 {[%clk 1:31:27]} b6 {[%clk 1:31:24]} 4. Nc3
{[%clk 1:31:02]} Bb7 {[%clk 1:31:20]} 5. a3 {[%clk 1:28:28]} Be7 {[%clk 1:31:19]}
6. Bf4 {[%clk 1:27:59]} Ne4 {[%clk 1:29:34]} 7. e3 {[%clk 1:26:45]} Nxc3
{[%clk 1:26:43]} 8. bxc3 {[%clk 1:26:00]} O-O {[%clk 1:26:38]} 9. Bd3
{[%clk 1:24:18]} d5 {[%clk 1:26:41]} 10. O-O {[%clk 1:22:58]} Nd7
{[%clk 1:26:50]} 11. Qc2 {[%clk 1:22:36]} Nf6 {[%clk 1:26:34]} 12. Ne5
{[%clk 1:17:42]} h6 {[%clk 1:22:34]} 13. Rfb1 {[%clk 1:13:33]} c5
{[%clk 1:21:32]} 14. a4 {[%clk 1:12:53]} dxc4 {[%clk 1:14:36]} 15. Nxc4
{[%clk 1:09:21]} cxd4 {[%clk 1:14:42]} 16. cxd4 {[%clk 1:08:56]} Nd5
{[%clk 1:14:20]} 17. Be4 {[%clk 0:58:01]} Rc8 {[%clk 1:04:19]} 18. Qb3
{[%clk 0:53:36]} Ba6 {[%clk 1:01:02]} 19. Rc1 {[%clk 0:51:10]} Nxf4
{[%clk 1:00:56]} 20. exf4 {[%clk 0:50:59]} Qxd4 {[%clk 1:00:55]} 21. Bd3
{[%clk 0:51:18]} Qxf4 {[%clk 1:00:16]} 22. g3 {[%clk 0:50:34]} Qf6
{[%clk 0:55:52]} 23. Ra2 {[%clk 0:48:24]} Bb7 {[%clk 0:48:49]} 24. Rac2
{[%clk 0:47:54]} g6 {[%clk 0:42:53]} 25. a5 {[%clk 0:45:48]} Qf3 {[%clk 0:39:32]}
26. Kf1 {[%clk 0:44:27]} Qh1+ {[%clk 0:34:41]} 27. Ke2 {[%clk 0:44:45]} Bf3+
{[%clk 0:34:55]} 28. Kd2 {[%clk 0:44:39]} Bg5+ {[%clk 0:35:15]} 29. Ne3
{[%clk 0:44:54]} Rxc2+ {[%clk 0:35:03]} 30. Qxc2 {[%clk 0:45:09]} Qxh2
{[%clk 0:34:45]} 31. Be2 {[%clk 0:43:26]} Qxf2 {[%clk 0:34:35]} 32. Rf1
{[%clk 0:43:39]} Qxe2+ {[%clk 0:34:51]} 33. Kc1 {[%clk 0:43:54]} Bxe3+
{[%clk 0:35:08]} 34. Kb2 {[%clk 0:44:07]} Qxf1 {[%clk 0:34:40]} 35. axb6
{[%clk 0:44:26]} axb6 {[%clk 0:34:50]} 36. g4 {[%clk 0:44:47]} Qe2
{[%clk 0:34:54]} 37. g5 {[%clk 0:44:50]} Qxc2+ {[%clk 0:35:07]} 38. Kxc2
{[%clk 0:45:11]} Bxg5 {[%clk 0:35:19]} 39. Kb3 {[%clk 0:45:33]} h5
{[%clk 0:35:17]} 40. Kb4 {[%clk 0:45:54]} h4 {[%clk 0:35:35]} 41. Kb5
{[%clk 0:46:20]} Be3 {[%clk 0:35:47]} 42. Kb4 {[%clk 0:46:35]} h3
{[%clk 0:36:07]} 43. Kb5 {[%clk 0:46:59]} h2 {[%clk 0:36:30]} 44. Kb4
{[%clk 0:47:24]} h1=Q {[%clk 0:36:53]} 45. Kb5 {[%clk 0:47:39]} Bc6+
{[%clk 0:36:37]} 46. Kc4 {[%clk 0:47:57]} Qd5+ {[%clk 0:36:48]} 47. Kc3
{[%clk 0:48:12]} Qd4+ {[%clk 0:36:58]} 48. Kb3 {[%clk 0:48:29]} Bd5+
{[%clk 0:37:03]} 49. Kc2 {[%clk 0:48:34]} Rc8+ {[%clk 0:37:17]} 50. Kb1
{[%clk 0:48:50]} Qb4+ {[%clk 0:37:26]} 51. Ka1 {[%clk 0:49:09]} Bd4#
{[%clk 0:37:21]} 0-1